| 000 | 00739nam a2200241 a 4500 | ||
|---|---|---|---|
| 001 | 1191 | ||
| 003 | BR-CuiBMT | ||
| 005 | 20231130222921.0 | ||
| 008 | 231124s2000 rjba 000 0 por d | ||
| 020 | _a8573032782 | ||
| 040 |
_aBR-CuiBMT _cBR-CuiBMT |
||
| 080 |
_a658.012.2 _22007 |
||
| 090 |
_a658.012.2 _bG367 |
||
| 245 | 0 | 0 |
_aGerenciar no limite : _blições corporativas / _c[Albigenor Militão ... et al.] ; prefácio de Nelson Savioli. |
| 260 |
_aRio de Janeiro : _bQualitymark, _c2000. |
||
| 300 |
_axiii, 188 p. : _bil. ; _c21 cm |
||
| 504 | _aInclui bibliografia. | ||
| 650 | _aAdministração de pessaol | ||
| 650 | _aPlanejamento estratégico | ||
| 650 | _aComportamento humano | ||
| 650 | _aLiderança | ||
| 942 |
_2udc _cLV |
||
| 999 |
_c1191 _d1191 |
||